000
00306nam a2200121Ia 4500
005
20251222154434.0
008
251222s9999||||xx |||||||||||||| ||spa||
020
_a
84-321-2922-4
082
_a
918/B75
100
_a
"Bosque Sendra, Joaquén"
245
0
_a
Sistemas de información geográfica
942
_c
LIB
999
_c
36528
_d
36528